Phòng trị bệnh ký sinh trùng cho gà nuôi gia đình

সংরক্ষণ করুন:
গ্রন্থ-পঞ্জীর বিবরন
প্রধান লেখক: Dương, Công Thuận
বিন্যাস: গ্রন্থ
ভাষা:Undetermined
প্রকাশিত: Hà Nội Nông nghiệp 2003
বিষয়গুলি:
ট্যাগগুলো: ট্যাগ যুক্ত করুন
কোনো ট্যাগ নেই, প্রথমজন হিসাবে ট্যাগ করুন!
Thư viện lưu trữ: Trung tâm Học liệu Trường Đại học Cần Thơ
LEADER 00601nam a2200205Ia 4500
001 CTU_96568
008 210402s9999 xx 000 0 und d
020 |c 9600 
082 |a 636.5089 
082 |b Th502 
100 |a Dương, Công Thuận 
245 0 |a Phòng trị bệnh ký sinh trùng cho gà nuôi gia đình 
245 0 |c Dương Công Thuận 
260 |a Hà Nội 
260 |b Nông nghiệp 
260 |c 2003 
650 |a Poultry,Poultry 
650 |x Parasites,Diseases 
904 |i Tuyến 
980 |a Trung tâm Học liệu Trường Đại học Cần Thơ